000 00771nam a2200253 i 4500
001 bg
100 1 _aGirardi, Monica.
245 0 _aMichał Anioł /
_c[tekst Monica Girardi ; tł. z włos. Jadwiga Walkowska].
260 _aWarszawa :
_bRzeczpospolita ;
_bHPS,
_c2006.
300 _a143 s. :
_bil. ;
_c26 cm.
490 1 _aKlasycy Sztuki ;
_v25
600 0 _aBuonarrti, Micheangelo
_d(1475-1564)
_xtwórczość
650 0 _aMalarstwo włoskie
_xhistoria
_y15-16 w.
700 0 1 _aWalkowska, Jadwiga
_eTł.
830 _aKlasycy Sztuki ;
020 _a9788360529249
020 _a8360529248
040 _cBPK
041 1 _apol
_hita
080 _a75.071(450)"14/15"A/Z
920 _a978-83-60529-24-9
942 _cKS
008 s pl f |000 0 pol
999 _c53743
_d53743
856 _uhttp://koha.tu.koszalin.pl/cgi-bin/koha/opac-detail.pl?biblionumber=53743
_yKatalog online BPK